Catalog

Record Details

Catalog Search



Netradiční pomůcky v pohybových hrách  Cover Image Book Book

Netradiční pomůcky v pohybových hrách / Pavlína Kuderová, Jaroslav Kupr, Lenka Knopová

Kuderová, Pavlína (Author, Illustrator). Kupr, Jaroslav (Author). Knopová, Lenka (Author).

Record details

  • ISBN: 978-80-271-5499-9
  • Physical Description: 143 stran : barevné ilustrace ; 21 x 24 cm
  • Edition: První vydání
  • Publisher: Praha : Grada Publishing, 2024

Content descriptions

General Note:
Ilustrace Pavlína Kuderová
Bibliography, etc. Note:
Obsahuje bibliografii
Subject: děti školního věku
pohybové hry
school children
movement games
Genre: příručky
handbooks and manuals

Available copies

  • 1 of 1 copy available at Common Catalog SPOK.

Holds

  • 0 current holds with 1 total copy.
Show Only Available Copies
Location Call Number / Copy Notes Barcode Shelving Location Status Due Date
Jabok Library Ped-9.3/K 424480046454 Odborná literatura Available -

LDR 01456nam a2200421 i 4500
00157924
003CZ-PrJAB
00520240924110855.0
007ta
008240910s2024 xr a e f 000 0 cze
015 . ‡acnb003631117
020 . ‡a978-80-271-5499-9 ‡q(brožováno) : ‡cKč 349,00
035 . ‡a(CZ PrNK)nkc20243631117
040 . ‡aOLA001 ‡bcze ‡erda
072 7. ‡a796 ‡xSport. Hry. Tělesná cvičení ‡2Konspekt ‡920
080 . ‡a316.346.32-053.5 ‡2MRF
080 . ‡a796.2 ‡2MRF
080 . ‡a(035) ‡2MRF
1001 . ‡aKuderová, Pavlína ‡7ola20241237471 ‡4aut ‡4ill
24510. ‡aNetradiční pomůcky v pohybových hrách / ‡cPavlína Kuderová, Jaroslav Kupr, Lenka Knopová
250 . ‡aPrvní vydání
264 1. ‡aPraha : ‡bGrada Publishing, ‡c2024
300 . ‡a143 stran : ‡bbarevné ilustrace ; ‡c21 x 24 cm
336 . ‡atext ‡btxt ‡2rdacontent
337 . ‡abez média ‡bn ‡2rdamedia
338 . ‡asvazek ‡bnc ‡2rdacarrier
500 . ‡aIlustrace Pavlína Kuderová
504 . ‡aObsahuje bibliografii
65007. ‡aděti školního věku ‡7ph119714 ‡2czenas
65007. ‡apohybové hry ‡7ph124204 ‡2czenas
65009. ‡aschool children ‡2eczenas
65009. ‡amovement games ‡2eczenas
655 7. ‡apříručky ‡7fd133209 ‡2czenas
655 9. ‡ahandbooks and manuals ‡2eczenas
7001 . ‡aKupr, Jaroslav ‡7mzk2010587442 ‡4aut
7001 . ‡aKnopová, Lenka ‡7ola20241237478 ‡4aut
910 . ‡aABG312
995 . ‡aska
901 . ‡a57924 ‡bAUTOGEN ‡c57924 ‡tbiblio

Additional Resources